| 000 | 01094nam0a22003131 4500 | ||
|---|---|---|---|
| 001 | RU\INFOCOMM_322\NLR\5000237840 | ||
| 005 | 20250613112500.0 | ||
| 035 | _a(NLR Aleph) 009611603 | ||
| 090 |
_a9375492 _c9375492 |
||
| 100 | _a20130316d1962 |||y0rusy50 ca | ||
| 101 | 0 | _aeng | |
| 102 | _aRU | ||
| 105 | _ay z ||||| | ||
| 200 | 1 |
_aCross section for 8,3 BeV neutron interaction with nuclei _fV. S. Pantuyev, M. N. Khachaturyan |
|
| 210 |
_aДубна _d1962 |
||
| 215 |
_a5 с. _cил. _d29 см |
||
| 225 | 1 |
_a[Издания] _fОбъедин. ин-т ядерных исследований; Лаборатория высоких энергий _vD. 88 |
|
| 309 | _aОтпеч. множит. аппаратом | ||
| 320 | _aБиблиогр.: с. 5 | ||
| 686 |
_aФз-1605 _2rubbk |
||
| 700 | 1 |
_9z01790 _aPantuev _bV. S. |
|
| 701 | 1 |
_9z02790 _aChačaturjan _bM. N. |
|
| 790 | 1 |
_9z01700 _aPantuyev _bV. S. _4070 |
|
| 790 | 1 |
_9z02701 _aKhachaturyan _bM. N. _4070 |
|
| 801 | 1 |
_aRU _bInfocomm _c20130316 |
|
| 801 | 0 |
_aRU _bINFOCOMM _gPSBO |
|
| 852 |
_aNLR _jP11/3130 |
||
| 942 | _cBOOK | ||
| 980 | _aNB | ||